Catalog

Record Details

Catalog Search



Peloubet˙s Select Notes : A Commentary on the International Bible Lessons for Christian Teaching Cover Image Book Book

Peloubet˙s Select Notes : A Commentary on the International Bible Lessons for Christian Teaching Wilbur M. Smith

Smith, Wilbur M. (Author).

Record details

  • Physical Description: 433 p.
  • Edition: Seventy-second Annual Volume
  • Publisher: USA The Methodist Publishing House 1945

Available copies

  • 1 of 1 copy available at Common Catalog SPOK.

Holds

  • 0 current holds with 1 total copy.
Show Only Available Copies
Location Call Number / Copy Notes Barcode Shelving Location Status Due Date
ETS Library 220.61 424470012201 Volný výběr Available -

LDR 00719nam a2 00241
00144072
003CZ-PrJAB
00520101029000000.0
008101029s1945 xxu e |||| |eng
009us
035 . ‡a(CONS)6982
035 . ‡aKPS13466
040 . ‡aABG450
041 . ‡aeng
08214. ‡a220.61
100 . ‡74509 ‡aSmith, Wilbur M.
245 . ‡aPeloubet˙s Select Notes : ‡bA Commentary on the International Bible Lessons for Christian Teaching ‡cWilbur M. Smith
250 . ‡aSeventy-second Annual Volume
260 . ‡aUSA ‡bThe Methodist Publishing House ‡c1945
300 . ‡a433 p.
653 . ‡aPeloubet˙s Select Notes
8524 . ‡bETS ‡bETS ‡cVolný výběr ‡j220.61 ‡gA ‡p424470012201
910 . ‡aABG450
999 . ‡a6982 ‡bAUTOGEN ‡c6982 ‡tbiblio
905 . ‡uadmin
901 . ‡a44072 ‡b ‡c44072 ‡tbiblio ‡sets

Additional Resources